000 00698nam a2200217Ia 4500
005 20220719103204.0
008 210716s2009 xx 000 0 und d
020 _a9788181477309
040 _cAIMIT LIBRARY
041 _aeng
082 _a519.2
_23
_bROSS
100 _aRoss, Sheldon M.
_951081
245 _aIntroduction to probability and statistics for engineers and scientists /
_cBy Sheldon M Ross.
250 _a3rd ed.
260 _aNew Delhi :
_bAcademic Press ,
_c2009.
300 _axv,624p. ;
_c24 cm.
650 _aDescriptive statistics
_951082
650 _aRandom variables and expectation
_951083
650 _aHypothesis testing
_951084
942 _2ddc
_cBK
_e3rd
_k519.2 ROSS
999 _c189872
_d189872